|
|
|
|
| LEADER |
00000nam a2200000 4500 |
| 001 |
vtls012127693 |
| 003 |
SK-MaSNL |
| 005 |
20260301014351.0 |
| 008 |
220318 1996 xo ob g 000 0 ger |
| 015 |
|
|
|a SNBE2023
|
| 020 |
|
|
|q (brožované)
|z 8089164005
|
| 040 |
|
|
|a SNK
|b slo
|c SNK
|e rda
|
| 041 |
0 |
|
|a ger
|
| 043 |
|
|
|a e-xo---
|
| 044 |
|
|
|a xo
|c SK
|
| 072 |
|
7 |
|a 913(437)
|x Geografia Česka a Slovenska, reálie, cestovanie
|2 konspekt
|
| 080 |
|
|
|a 913:338.483.1
|2 2011
|
| 080 |
|
|
|a 908(437.6)
|2 2011
|
| 080 |
|
|
|a (036)
|2 2011
|
| 080 |
|
|
|a 913(1-192)
|2 2011
|
| 080 |
|
|
|a 911.373
|2 2011
|
| 245 |
0 |
0 |
|a Willkommen in dem Slowakischen Marchland
|c Foto: MOS, Branislav Herchl ; zuzammengestellt von: Margita Čukanová
|
| 264 |
|
1 |
|a Gajary
|b Gemeinde Gajary
|a Modra
|b Kleinkarpatische Volksbildungzentrum
|c [1996]
|
| 300 |
|
|
|a 16 strán
|b farebné fotografie, mapy
|c 21 cm
|
| 336 |
|
|
|a text
|b txt
|2 rdacontent
|
| 336 |
|
|
|a statický obraz
|b sti
|2 rdacontent
|
| 337 |
|
|
|a bez média
|b n
|2 rdamedia
|
| 338 |
|
|
|a zväzok
|b nc
|2 rdacarrier
|
| 500 |
|
|
|a Názov z obálky
|
| 650 |
0 |
7 |
|a turistické zaujímavosti
|2 SNKPH
|9 73869
|
| 650 |
0 |
7 |
|a Tourist sights
|2 SNKPHeng
|9 296885
|
| 650 |
0 |
7 |
|a pohraničie
|2 SNKPH
|9 66671
|
| 650 |
0 |
7 |
|a obce
|2 SNKPH
|9 2935
|
| 650 |
0 |
7 |
|a Border region
|2 SNKPHeng
|9 302498
|
| 650 |
0 |
7 |
|a Municipalities
|2 SNKPHeng
|9 266969
|
| 651 |
|
7 |
|a Záhorie (Slovensko : región)
|x vlastiveda
|2 SNKPH
|9 302525
|
| 651 |
|
7 |
|a Záhorie (Slovakia : region)
|x description and travel
|2 SNKPHeng
|9 302526
|
| 655 |
|
7 |
|a informačné publikácie
|2 SNKPH
|9 70181
|
| 655 |
|
7 |
|a Information publications
|2 SNKPHeng
|9 265188
|
| 700 |
1 |
|
|a Čukanová, Margita
|4 edt
|9 302527
|
| 700 |
1 |
|
|a Herchl, Branislav
|4 pht
|9 302528
|
| 852 |
|
|
|a Slovenská národná knižnica
|
| 919 |
|
|
|a 80-89164-00-5
|
| 954 |
|
|
|a iná literatúra (príručky, kuchárske knihy, hobby literatúra, sprievodcovia) pôvodná (slovenská)
|2 lita
|
| 999 |
|
|
|c 558459
|d 560389
|
| 952 |
|
|
|a SNK
|b SNK
|y PREZ
|7 0
|p 17A1472147
|o snkOSC 29557
|i snk2022/4269
|8 7
|0 0
|1 0
|4 0
|d 2022-03-18
|l 0
|r 2026-02-23 13:32:52
|w 2026-02-23
|
| 952 |
|
|
|a SNK
|b SNK
|y PREZ
|7 0
|p 17A1472142
|o snkOSC 29557 D1
|i snk2022/4270
|8 7
|0 0
|1 0
|4 0
|d 2022-03-18
|l 0
|r 2026-02-23 13:32:52
|w 2026-02-23
|